[Event "OLNW 1920 SF Delmenhorster S"]
[Site "Hannover"]
[Date "2019.12.08"]
[Round "4.5"]
[White "Pahl, Erik"]
[Black "Edel, Thomas"]
[Result "1/2-1/2"]
[WhiteElo "2030"]
[BlackElo "2059"]
[PlyCount "76"]
[EventDate "2019.??.??"]
[EventType "team-tourn"]
[EventCountry "GER"]

1. e4 c6 2. d4 d5 3. f3 dxe4 4. fxe4 e5 5. Nf3 Bg4 6. Bc4 Nd7 7. c3 Bh5 8. O-O
Ngf6 9. Bg5 Bd6 10. Nbd2 O-O 11. Qe1 Re8 12. Qh4 Bg6 13. Rae1 Qc7 14. Kh1 b5
15. Bb3 a5 16. dxe5 Bxe5 17. Nxe5 Qxe5 18. Nf3 Qc5 19. Bc2 h6 20. Bxf6 Nxf6 21.
e5 Bxc2 22. exf6 Rxe1 23. Rxe1 Bg6 24. Nd4 b4 25. fxg7 Kh7 26. Qg3 bxc3 27.
bxc3 Qd5 28. h4 Rg8 29. Qf3 Qxf3 30. gxf3 c5 31. Nb3 Kxg7 32. Re5 a4 33. Nxc5
a3 34. Nb3 Rc8 35. Re3 Bb1 36. Nc1 Rb8 37. c4 Bxa2 38. Rxa3 Bxc4 {(=)} 1/2-1/2

[Event "OLNW 1920 SF Delmenhorster S"]
[Site "Hannover"]
[Date "2019.12.08"]
[Round "4.6"]
[White "Herrmann, Andreas"]
[Black "Margraf, Daniel"]
[Result "0-1"]
[WhiteElo "2115"]
[BlackElo "2256"]
[PlyCount "82"]
[EventDate "2019.??.??"]
[EventType "team-tourn"]
[EventCountry "GER"]

1. d4 Nf6 2. Nf3 e6 3. c3 b6 4. Bg5 Bb7 5. Nbd2 Be7 6. e3 h6 7. Bh4 d6 8. Be2
Nbd7 9. O-O O-O 10. a4 a6 11. b4 c5 12. Qb3 Qc7 13. a5 b5 14. bxc5 dxc5 15. c4
cxd4 16. cxb5 axb5 17. Rfc1 Nc5 18. Qb1 dxe3 19. Nb3 Bd5 20. Bg3 Qa7 21. Nxc5
Bxc5 22. Qxb5 exf2+ 23. Kh1 Ne4 24. Bf4 f1=Q+ 25. Rxf1 Nf2+ 26. Rxf2 Bxf2 27.
a6 Rfc8 28. h3 Be3 29. Bd6 Rc6 30. Bg3 Rac8 31. Kh2 Rc5 32. Qa4 Rc2 33. Bd3
R2c3 34. Qd1 Rc1 35. Rxc1 Rxc1 36. Qa4 Bg1+ 37. Kh1 Bc5+ 38. Kh2 Bxf3 39. gxf3
Bf8 40. h4 Qg1+ 41. Kh3 Qh1+ 0-1

[Event "OLNW 1920 SF Delmenhorster S"]
[Site "Hannover"]
[Date "2019.12.08"]
[Round "4.7"]
[White "Pahl, Theis"]
[Black "Ploog, Martin"]
[Result "1-0"]
[WhiteElo "2022"]
[BlackElo "2055"]
[PlyCount "53"]
[EventDate "2019.??.??"]
[EventType "team-tourn"]
[EventCountry "GER"]

1. e4 d6 2. d4 Nf6 3. Nc3 Nbd7 4. f4 e5 5. Nf3 exd4 6. Qxd4 c6 7. Be3 d5 8.
exd5 Bc5 9. Qd3 Qe7 10. Kd2 Bb4 11. Re1 Ne4+ 12. Kd1 Bxc3 13. bxc3 cxd5 14. Bd4
O-O 15. c4 Ndc5 16. Qa3 Rd8 17. Bd3 Qd6 18. Be5 Qh6 19. Kc1 Be6 20. Nd4 Rac8
21. cxd5 Nf2 22. Bc4 Nxh1 23. dxe6 Nxe6 24. Nf5 Qxh2 25. Bxe6 fxe6 26. Qe7 Qxg2
27. Qxe6+ 1-0

[Event "OLNW 1920 SF Delmenhorster S"]
[Site "Hannover"]
[Date "2019.12.08"]
[Round "4.8"]
[White "Polnau, Manuel"]
[Black "Thimm, Torsten"]
[Result "1-0"]
[WhiteElo "2025"]
[BlackElo "2044"]
[PlyCount "65"]
[EventDate "2019.??.??"]
[EventType "team-tourn"]
[EventCountry "GER"]

1. e4 d5 2. exd5 Qxd5 3. Nc3 Qd6 4. d4 Nf6 5. Bd3 c6 6. Nge2 Bg4 7. f3 Bh5 8.
Bf4 Qd8 9. O-O e6 10. Ne4 Nd5 11. Bd2 Bg6 12. c3 Nd7 13. N2g3 Be7 14. f4 O-O
15. Qf3 Qb6 16. f5 Ne5 17. Qe2 exf5 18. Nxf5 Nxd3 19. Qxd3 Rfe8 20. Qf3 Bf8 21.
Ned6 Re6 22. Nc4 Qb5 23. Ne5 Rf6 24. g4 Qxb2 25. Bg5 Qxc3 26. Qxc3 Nxc3 27.
Bxf6 gxf6 28. Nd7 Rd8 29. Nxf6+ Kh8 30. Rae1 Nd5 31. Nxd5 Bg7 32. Nxg7 Kxg7 33.
Ne7 1-0

[Event "OLNW 1920 Hamelner SV - SV Hellern"]
[Site "?"]
[Date "2019.12.08"]
[Round "4.1"]
[White "Lingnau, Carsten"]
[Black "Tonndorf, Matthias"]
[Result "1-0"]
[WhiteElo "2415"]
[BlackElo "2192"]
[PlyCount "123"]
[EventDate "2019.??.??"]
[EventType "team-tourn"]

1. d4 Nf6 2. c4 e6 3. g3 c5 4. Nf3 cxd4 5. Nxd4 Qc7 6. Nc3 a6 7. Bg2 Be7 8. O-O
d6 9. b3 O-O 10. Bb2 Nbd7 11. Rc1 Re8 12. e3 Nf8 13. Qe2 Bd7 14. f4 Rad8 15.
Qf3 Bc8 16. g4 e5 17. fxe5 dxe5 18. Nd5 Nxd5 19. Qxf7+ Kh8 20. Bxd5 Ng6 21. Nf5
Bxf5 22. Qxf5 Bc5 23. Qe4 Nf4 24. Kh1 Nxd5 25. cxd5 Qb6 26. Rf3 Qd6 27. Rd1 Rd7
28. Rf5 Rde7 29. Rdf1 Kg8 30. Kg2 Rd7 31. Rd1 g6 32. Rf3 Qb6 33. g5 Qb5 34. Rd2
Qa5 35. Rdf2 Bb6 36. d6 Qc5 37. Rf6 Qc6 38. Qxc6 bxc6 39. h4 Bd8 40. R6f3 e4
41. Rf4 Bb6 42. Bc1 Bc5 43. Rc2 Bxd6 44. Rf6 c5 45. Rd2 Red8 46. Re6 Bf8 47.
Rxd7 Rxd7 48. Rxe4 Rd1 49. Rc4 Re1 50. Kf3 Rh1 51. e4 Rxh4 52. Ra4 Rh2 53. Rxa6
Rc2 54. Be3 Be7 55. e5 Rh2 56. e6 Rh3+ 57. Ke4 Rh4+ 58. Kd5 Rg4 59. a4 Rg3 60.
Ra8+ Kg7 61. Bf4 Rd3+ 62. Kc6 1-0

[Event "OLNW 1920 Hamelner SV - SV Hellern"]
[Site "?"]
[Date "2019.12.08"]
[Round "4.2"]
[White "Renner, Kai"]
[Black "Gronde, Ingo"]
[Result "1/2-1/2"]
[WhiteElo "2179"]
[BlackElo "2230"]
[PlyCount "36"]
[EventDate "2019.??.??"]
[EventType "team-tourn"]

1. e4 d6 2. d4 Nf6 3. Nc3 g6 4. f4 Bg7 5. Nf3 c5 6. Bb5+ Bd7 7. e5 Ng4 8. Bxd7+
Qxd7 9. d5 dxe5 10. h3 e4 11. hxg4 exf3 12. Qxf3 Na6 13. Bd2 O-O-O 14. O-O-O f5
15. gxf5 gxf5 16. Be1 Nc7 17. Bf2 b6 18. Bh4 Qd6 {(=)} 1/2-1/2

[Event "OLNW 1920 Hamelner SV - SV Hellern"]
[Site "?"]
[Date "2019.12.08"]
[Round "4.3"]
[White "Boettcher, Christian"]
[Black "van Son, Lutz"]
[Result "0-1"]
[WhiteElo "2193"]
[BlackElo "2148"]
[PlyCount "120"]
[EventDate "2019.??.??"]
[EventType "team-tourn"]

1. e4 e6 2. d3 d5 3. Nd2 Nf6 4. Ngf3 c5 5. g3 Nc6 6. Bg2 Be7 7. O-O b6 8. Re1
Qc7 9. Nf1 d4 10. e5 Nd5 11. h4 Bb7 12. Bd2 O-O-O 13. Qe2 Kb8 14. a3 Qd7 15.
Rad1 h6 16. c4 dxc3 17. bxc3 Nc7 18. Bc1 Na5 19. c4 Qa4 20. Ne3 Rd7 21. Nd2
Bxg2 22. Kxg2 Rhd8 23. Ne4 Qb3 24. Qf3 Bf8 25. Rd2 Qa4 26. Bb2 Qc6 27. Nc2 Ne8
28. Rb1 Kc7 29. Bc3 Qa4 30. Ne1 Nc6 31. Nc2 g6 32. Qe2 Bg7 33. f4 Bf8 34. Qf3
Be7 35. h5 gxh5 36. Nf2 Ng7 37. Kh2 Rg8 38. Ne3 Qxa3 39. Ne4 Qa6 40. Ra1 Qb7
41. Nf6 Bxf6 42. exf6 Ne8 43. Qxh5 Nd4 44. Bxd4 cxd4 45. Nc2 Kc8 46. Qe5 Rg6
47. Nxd4 Nxf6 48. Kh3 Ng4 49. Qe4 f5 50. Qxb7+ Kxb7 51. Nb5 a6 52. Rda2 axb5
53. cxb5 Kc7 54. Rc1+ Kd8 55. Rc6 Rb7 56. Ra8+ Ke7 57. Rh8 Rg7 58. d4 Nf2+ 59.
Kh2 Kf7 60. Kg2 Ne4 0-1

[Event "OLNW 1920 Hamelner SV - SV Hellern"]
[Site "?"]
[Date "2019.12.08"]
[Round "4.4"]
[White "Schmidt, Dennis"]
[Black "Stock, Joerg"]
[Result "1/2-1/2"]
[WhiteElo "2038"]
[BlackElo "2219"]
[PlyCount "86"]
[EventDate "2019.??.??"]
[EventType "team-tourn"]

1. e4 c6 2. d4 d5 3. exd5 cxd5 4. Bd3 Nc6 5. c3 Nf6 6. Bf4 Bg4 7. Qb3 e5 8.
dxe5 Nh5 9. Be3 Nxe5 10. Bb5+ Nc6 11. h3 Be6 12. Qd1 Nf6 13. Nf3 Bd6 14. O-O
O-O 15. Nbd2 Bc7 16. Nb3 Ne4 17. Nbd4 Qd6 18. Bd3 Nxd4 19. cxd4 Bf5 20. Rc1
Rfe8 21. Qb3 Rab8 22. Ne5 Bb6 23. Rfe1 Be6 24. a3 Rbc8 25. Bb5 Red8 26. Bd3 Qe7
27. Be2 Nd6 28. Qb4 Nf5 29. Qxe7 Nxe7 30. Bd3 Nf5 31. Nf3 h6 32. g4 Nd6 33. Kg2
Ne4 34. Rc2 Kf8 35. Rce2 Nd6 36. Bd2 Kg8 37. Be3 Ba5 38. Rd1 Nc4 39. Bc1 Bb6
40. Be3 Nd6 41. Rde1 Ne4 42. Ne5 Nd6 43. Nf3 Ne4 {(=)} 1/2-1/2

[Event "OLNW 1920 Hamelner SV - SV Hellern"]
[Site "?"]
[Date "2019.12.08"]
[Round "4.5"]
[White "Happe, Reinhold"]
[Black "Koch, Yannick"]
[Result "1/2-1/2"]
[WhiteElo "2129"]
[BlackElo "2082"]
[PlyCount "68"]
[EventDate "2019.??.??"]
[EventType "team-tourn"]

1. d4 Nf6 2. c4 e6 3. Nc3 Bb4 4. e3 O-O 5. Nf3 d5 6. Bd3 c5 7. O-O Nc6 8. a3
Bxc3 9. bxc3 Qc7 10. cxd5 exd5 11. h3 Qa5 12. Bd2 c4 13. Bc2 Re8 14. Be1 Ne4
15. Qc1 Qd8 16. Qb2 Ng5 17. Nxg5 Qxg5 18. Kh2 Rb8 19. Qb5 Bd7 20. Qb1 h6 21.
Ra2 Ne7 22. f4 Qf6 23. e4 dxe4 24. Bxe4 Bf5 25. Bxf5 Nxf5 26. Rb2 Ne3 27. Rf3
Re7 28. Bf2 Nd5 29. Rb5 Qc6 30. Rc5 Qd6 31. Qf5 Nb6 32. Bh4 Re2 33. Rg3 Qe6 34.
Qxe6 Rxe6 1/2-1/2

[Event "OLNW 1920 Hamelner SV - SV Hellern"]
[Site "?"]
[Date "2019.12.08"]
[Round "4.6"]
[White "David, Adrian"]
[Black "Lewin, Tammo"]
[Result "1/2-1/2"]
[WhiteElo "2236"]
[BlackElo "2065"]
[PlyCount "31"]
[EventDate "2019.??.??"]
[EventType "team-tourn"]

1. d4 e6 2. Bf4 f5 3. Nf3 Nf6 4. e3 Be7 5. h3 O-O 6. Bd3 d6 7. c4 Ne4 8. Nc3
Nxc3 9. bxc3 Nc6 10. Qc2 Bf6 11. Bh2 g6 12. e4 e5 13. d5 Ne7 14. Nd2 f4 15. Be2
c6 16. Bg4 {(=)} 1/2-1/2

[Event "OLNW 1920 Hamelner SV - SV Hellern"]
[Site "?"]
[Date "2019.12.08"]
[Round "4.7"]
[White "Andre, Wolfgang"]
[Black "Jacobi, Felix-Hagen"]
[Result "1/2-1/2"]
[WhiteElo "2194"]
[BlackElo "2077"]
[PlyCount "143"]
[EventDate "2019.??.??"]
[EventType "team-tourn"]

1. e4 c6 2. d4 d5 3. e5 Bf5 4. Nf3 e6 5. Be2 Nd7 6. O-O Bg6 7. Nbd2 Ne7 8. Nb3
Qc7 9. a4 Nf5 10. g4 Ne7 11. Nh4 O-O-O 12. Nxg6 hxg6 13. Bf4 Kb8 14. Bg3 Ka8
15. Qd2 Ng8 16. a5 Nh6 17. Rfc1 Be7 18. Qe3 Rb8 19. c4 Qd8 20. cxd5 cxd5 21. a6
b6 22. Bb5 Rc8 23. Rxc8+ Qxc8 24. Rc1 Qd8 25. Qc3 Kb8 26. Qc6 Qc8 27. Qxd7 Qxd7
28. Bxd7 Nxg4 29. Bb5 Nh6 30. Bd3 Nf5 31. Bxf5 gxf5 32. f4 Rc8 33. Kg2 Rxc1 34.
Nxc1 Kc7 35. Nd3 Kc6 36. Be1 Kb5 37. b3 Kxa6 38. Kf3 Kb5 39. Ke3 g6 40. Kd2 Kc6
41. Kc2 Kb5 42. Bc3 Kc6 43. Be1 Kb5 44. Bd2 Kc6 45. b4 Kb5 46. Kb3 a6 47. Be1
Bd8 48. Nb2 Be7 49. Na4 Kc6 50. Nc3 Kb7 51. Ne2 Kc6 52. Nc3 Kb7 53. Ne2 Kc6 54.
Ng1 Kd7 55. Nf3 Ke8 56. b5 a5 57. Ka4 Bd8 58. Nd2 Kd7 59. Nb3 Kc8 60. Nd2 Kd7
61. Nf3 Ke8 62. Kb3 Be7 63. Ka4 Bd8 64. Bh4 Bc7 65. Bf6 Bb8 66. Ng5 Bc7 67. Nh7
Kd7 68. Bg5 Kc8 69. Kb3 Kd7 70. Nf6+ Kc8 71. Ne8 Bd8 72. Nf6 1/2-1/2

[Event "OLNW 1920 Hamelner SV - SV Hellern"]
[Site "?"]
[Date "2019.12.08"]
[Round "4.8"]
[White "Belov, Igor"]
[Black "Ernst, Franz"]
[Result "1/2-1/2"]
[WhiteElo "2051"]
[BlackElo "1978"]
[PlyCount "83"]
[EventDate "2019.??.??"]
[EventType "team-tourn"]

1. c4 e6 2. Nc3 d5 3. d4 c5 4. cxd5 exd5 5. e3 Nf6 6. Nf3 Nc6 7. Be2 a6 8. O-O
Bd6 9. dxc5 Bxc5 10. Nd4 O-O 11. Nxc6 bxc6 12. Bf3 Qd6 13. b3 Bf5 14. Bb2 Rfe8
15. Na4 Ba7 16. Rc1 Rac8 17. Qe2 Ne4 18. Bg4 Bxg4 19. Qxg4 Qh6 20. h3 f5 21.
Qf4 Qe6 22. Rc2 Bb8 23. Qf3 Qd6 24. g3 Qg6 25. Rfc1 Ng5 26. Qg2 Qh5 27. h4 Nf3+
28. Kf1 Re6 29. Nb6 Rce8 30. Rxc6 Rxc6 31. Rxc6 d4 32. Bc1 Ne5 33. Qd5+ Kh8 34.
Rc5 Nd3 35. Qxf5 Qd1+ 36. Kg2 Nxc5 37. Qxc5 dxe3 38. Bxe3 Qg4 39. Nc4 Qe4+ 40.
Kg1 Qe6 41. Kh2 Rc8 42. Qd4 1/2-1/2

[Event "OLNW 1920 HSK Lister Turm - SK Lehrte"]
[Site "?"]
[Date "2019.12.08"]
[Round "4.1"]
[White "Schirm, Friedmar"]
[Black "Abel, Dennes"]
[Result "0-1"]
[WhiteElo "2400"]
[BlackElo "2400"]
[PlyCount "88"]
[EventDate "2019.??.??"]
[EventType "team-tourn"]

1. d4 d5 2. c4 c6 3. Nf3 Nf6 4. Nc3 e6 5. e3 Nbd7 6. Qc2 Bd6 7. b3 b6 8. Be2
Bb7 9. O-O O-O 10. Bb2 Qe7 11. Rad1 Rfd8 12. e4 Nxe4 13. Nxe4 dxe4 14. Qxe4 Nf6
15. Qc2 c5 16. dxc5 bxc5 17. Be5 Ne8 18. Qc3 Rac8 19. Qe3 Qc7 20. Bd3 Bxf3 21.
Bxd6 Qc6 22. Be7 Rd7 23. Qxf3 Qxf3 24. gxf3 Rxe7 25. Rd2 Kf8 26. Rfd1 Rd7 27.
Bc2 Rxd2 28. Rxd2 Ke7 29. Kf1 g6 30. Ke2 Nf6 31. Kd3 Rd8+ 32. Kc3 Rxd2 33. Kxd2
Nh5 34. a3 a5 35. Kc3 Nf4 36. b4 axb4+ 37. axb4 Kd6 38. b5 Nh3 39. Ba4 e5 40.
b6 Nxf2 41. Be8 f5 42. Bf7 Kc6 43. Bg8 Nh3 44. Bxh7 Nf4 {normal} 0-1

[Event "OLNW 1920 HSK Lister Turm - SK Lehrte"]
[Site "?"]
[Date "2019.12.08"]
[Round "4.2"]
[White "Walter, Stefan"]
[Black "Stelmaszyk, Nico"]
[Result "1/2-1/2"]
[WhiteElo "2400"]
[BlackElo "2400"]
[PlyCount "95"]
[EventDate "2019.??.??"]
[EventType "team-tourn"]

1. d4 d5 2. c4 dxc4 3. e3 c5 4. Bxc4 cxd4 5. exd4 Qc7 6. Bb3 Nf6 7. Nf3 e6 8.
Nc3 Be7 9. O-O O-O 10. Bg5 Nc6 11. Rc1 Rd8 12. Qe2 Qa5 13. d5 exd5 14. Bxf6
Bxf6 15. Nxd5 Bg4 16. Qe4 Bxb2 17. Rxc6 Bxf3 18. Ne7+ Kh8 19. Qxf3 bxc6 20.
Nxc6 Qc7 21. Nxd8 Rxd8 22. Qxf7 Qxf7 23. Bxf7 Rc8 24. g3 Rc1 25. Rxc1 Bxc1 26.
Kg2 g5 27. Kf3 Kg7 28. Bb3 Kf6 29. Kg4 Ba3 30. Kh5 Bf8 31. Bc2 h6 32. a4 a5 33.
Bb1 Bg7 34. h4 Bf8 35. Bd3 Bg7 36. Kg4 Bf8 37. h5 Bc5 38. f4 gxf4 39. gxf4 Ba7
40. Kf3 Bb8 41. Ke4 Bc7 42. Bb5 Bd8 43. Be8 Be7 44. Bg6 Bf8 45. Kd5 Bb4 46. Kc6
Bd2 47. Kb5 Bc3 48. Kc6 {normal} 1/2-1/2

[Event "OLNW 1920 HSK Lister Turm - SK Lehrte"]
[Site "?"]
[Date "2019.12.08"]
[Round "4.3"]
[White "Hartogh, Christian"]
[Black "Buchenau, Frank"]
[Result "0-1"]
[WhiteElo "2400"]
[BlackElo "2400"]
[PlyCount "82"]
[EventDate "2019.??.??"]
[EventType "team-tourn"]

1. e4 e6 2. d4 d5 3. Nc3 Nf6 4. e5 Nfd7 5. f4 c5 6. Nf3 Nc6 7. Be3 a6 8. Qd2 b5
9. dxc5 Bxc5 10. Bd3 Qb6 11. Bf2 Bb7 12. O-O O-O 13. Rae1 Rae8 14. f5 Bxf2+ 15.
Rxf2 exf5 16. Nxd5 Qd8 17. Rfe2 Ndxe5 18. Nxe5 Qxd5 19. Nxc6 Rxe2 20. Rxe2 Bxc6
21. Qf4 g6 22. a3 Kg7 23. Qe5+ Qxe5 24. Rxe5 Rd8 25. Re7 Rd7 26. Rxd7 Bxd7 27.
Kf2 Kf6 28. c4 Ke5 29. cxb5 axb5 30. Ke3 f4+ 31. Kd2 Kd4 32. Be2 g5 33. Bd3 h5
34. Be2 g4 35. Bd3 h4 36. Be2 g3 37. hxg3 fxg3 38. Bf3 Be6 39. Be2 Bd5 40. Bf1
f5 41. Ke1 Ke3 {normal} 0-1

[Event "OLNW 1920 HSK Lister Turm - SK Lehrte"]
[Site "?"]
[Date "2019.12.08"]
[Round "4.4"]
[White "Hampel, Felix"]
[Black "Schruefer, Guenther"]
[Result "1/2-1/2"]
[WhiteElo "2400"]
[BlackElo "2400"]
[PlyCount "150"]
[EventDate "2019.??.??"]
[EventType "team-tourn"]

1. c4 Nf6 2. Nf3 g6 3. d4 Bg7 4. Nc3 d5 5. cxd5 Nxd5 6. e4 Nxc3 7. bxc3 O-O 8.
Rb1 c5 9. Be2 Nc6 10. d5 Ne5 11. Nxe5 Bxe5 12. Qd2 e6 13. f4 Bc7 14. O-O exd5
15. exd5 Ba5 16. f5 Bxf5 17. Rxb7 Qf6 18. Rf3 Qe5 19. Re3 Qd6 20. g4 Bc8 21.
Rb5 Bc7 22. Rh3 Re8 23. c4 h5 24. Bb2 Qf4 25. Qxf4 Bxf4 26. Kf1 Rxe2 27. Kxe2
Bxg4+ 28. Rf3 Rb8 29. h3 Bxf3+ 30. Kxf3 Bd6 31. Bf6 Rxb5 32. cxb5 Kf8 33. Bd8
Ke8 34. b6 axb6 35. Bxb6 Kd7 36. a4 g5 37. a5 f5 38. a6 Kc8 39. Bd8 g4+ 40. Kg2
Kb8 41. Bb6 f4 42. hxg4 hxg4 43. Kf2 f3 44. Ke3 Ka8 45. Kf2 c4 46. Bd4 c3 47.
Bxc3 Ka7 48. Be1 Kxa6 49. Ke3 Kb5 50. Bf2 Kc4 51. Ke4 Kc3 52. Be1+ Kc2 53. Ke3
Kd1 54. Bh4 Bc7 55. Kf2 Kd2 56. Bg3 Bxg3+ 57. Kxg3 Ke2 58. d6 f2 59. d7 f1=Q
60. d8=Q Qf3+ 61. Kh4 Qh3+ 62. Kg5 g3 63. Qe7+ Kf1 64. Qf6+ Kg1 65. Qd4+ Kh2
66. Qf4 Qe6 67. Kh4 Qe1 68. Kg4 Qe2+ 69. Kh4 Qf2 70. Qe5 Qf3 71. Kg5 Kg1 72.
Qe1+ Kh2 73. Qe5 Qd3 74. Kh4 Qc4+ 75. Kg5 Kg2 {normal} 1/2-1/2

[Event "OLNW 1920 HSK Lister Turm - SK Lehrte"]
[Site "?"]
[Date "2019.12.08"]
[Round "4.5"]
[White "Beduerftig, Heinrich"]
[Black "Schulze, Torben"]
[Result "0-1"]
[WhiteElo "2400"]
[BlackElo "2400"]
[PlyCount "79"]
[EventDate "2019.??.??"]
[EventType "team-tourn"]

1. d4 Nf6 2. Nf3 c5 3. e3 d5 4. Be2 cxd4 5. exd4 Nc6 6. O-O Bg4 7. c3 e6 8. Bf4
Bd6 9. Bxd6 Qxd6 10. Nbd2 O-O 11. Re1 Rab8 12. a4 Rfc8 13. Nf1 a6 14. Ng3 b5
15. axb5 axb5 16. Ne5 Bxe2 17. Qxe2 b4 18. Ra6 Nd7 19. Nxc6 Rxc6 20. Rxc6 Qxc6
21. Qd2 bxc3 22. bxc3 Rb3 23. Ne2 Qb5 24. Rc1 Rb2 25. Rc2 Rb1+ 26. Nc1 Nf6 27.
f3 h6 28. g3 Nd7 29. Kg2 Nb6 30. Qe2 Nc4 31. Nd3 Qb3 32. Kh3 Na3 33. Rb2 Qxc3
34. Rxb1 Nxb1 35. Nf4 Nd2 36. Qb5 Nxf3 37. Kg2 Ng5 38. h4 Qf3+ 39. Kh2 Qf2+ 40.
Kh1 {normal} 0-1

[Event "OLNW 1920 HSK Lister Turm - SK Lehrte"]
[Site "?"]
[Date "2019.12.08"]
[Round "4.6"]
[White "Virag, Attila Aba"]
[Black "Zschischang, Marine"]
[Result "1-0"]
[WhiteElo "2400"]
[BlackElo "2400"]
[PlyCount "53"]
[EventDate "2019.??.??"]
[EventType "team-tourn"]

1. e4 e6 2. d4 d5 3. e5 c5 4. c3 Nc6 5. Nf3 Qb6 6. Be2 cxd4 7. cxd4 Nh6 8. Bxh6
Qxb2 9. Nbd2 gxh6 10. O-O Nxd4 11. Rb1 Nxe2+ 12. Qxe2 Qa3 13. Qb5+ Kd8 14. Nd4
Qa6 15. Qb3 b6 16. Qf3 Ke8 17. Nb5 Qb7 18. Rfc1 Bc5 19. Rxc5 Qe7 20. Rc3 Kd8
21. Nc4 Rg8 22. Ncd6 Rg7 23. Nxa7 Bd7 24. Rxb6 Be8 25. Nb7+ Kd7 26. Rd6+ Qxd6
27. exd6 {normal} 1-0

[Event "OLNW 1920 HSK Lister Turm - SK Lehrte"]
[Site "?"]
[Date "2019.12.08"]
[Round "4.7"]
[White "Zschischang, Gunnar"]
[Black "Voege, Tobias"]
[Result "0-1"]
[WhiteElo "2400"]
[BlackElo "2400"]
[PlyCount "124"]
[EventDate "2019.??.??"]
[EventType "team-tourn"]

1. d4 e6 2. Nf3 Nf6 3. Bf4 b6 4. e3 Bb7 5. Nbd2 Be7 6. Bd3 Nh5 7. Bg3 d6 8. Qe2
c5 9. c3 Nd7 10. h3 Nxg3 11. fxg3 e5 12. O-O O-O 13. g4 Qc7 14. dxe5 d5 15. e4
c4 16. Bc2 Nxe5 17. Nxe5 Qxe5 18. Rf5 Qe6 19. e5 Rae8 20. Re1 g6 21. Rf3 f6 22.
exf6 Bc5+ 23. Kf1 Rxf6 24. Rxf6 Qxf6+ 25. Qf3 Rf8 26. Qxf6 Rxf6+ 27. Nf3 d4 28.
Be4 Ba6 29. Bd5+ Kf8 30. Re6 Rxe6 31. Bxe6 dxc3 32. bxc3 b5 33. Ke2 Bb7 34. g5
Be4 35. Ne5 Bd6 36. Nf3 Bb1 37. Nd4 a6 38. Bc8 b4 39. Bxa6 bxc3 40. Bxc4 c2 41.
Nb3 Bxa2 42. Kd2 Bb1 43. Bd3 Bf4+ 44. Kc3 Bxg5 45. Bxc2 Bf6+ 46. Kd2 Ba2 47.
Ke3 Ke7 48. Nd4 Bc4 49. Be4 Bg5+ 50. Kf2 Kd6 51. Nf3 Bd8 52. Ke3 Bf7 53. Kf4 h6
54. h4 Ke6 55. g4 Bc7+ 56. Ke3 Bg3 57. Nd4+ Kf6 58. h5 gxh5 59. gxh5 Kg5 60.
Nf5 Bf4+ 61. Kf3 Bxh5+ 62. Kg2 Bg6 {normal} 0-1

[Event "OLNW 1920 HSK Lister Turm - SK Lehrte"]
[Site "?"]
[Date "2019.12.08"]
[Round "4.8"]
[White "Wolter, Jens"]
[Black "Kohlmann, Arndt"]
[Result "1/2-1/2"]
[WhiteElo "2400"]
[BlackElo "2400"]
[PlyCount "71"]
[EventDate "2019.??.??"]
[EventType "team-tourn"]

1. e4 c5 2. Nf3 d6 3. Bb5+ Bd7 4. Bxd7+ Qxd7 5. O-O Nc6 6. c3 Nf6 7. d4 e6 8.
d5 exd5 9. exd5 Ne7 10. c4 Ng6 11. Nc3 Be7 12. Re1 O-O 13. b3 Rfe8 14. Qc2 a6
15. a4 b6 16. h3 Bf8 17. Bg5 Be7 18. Qd3 Nh5 19. Bxe7 Rxe7 20. Rxe7 Nxe7 21.
Ng5 Ng6 22. Re1 h6 23. Nf3 Nhf4 24. Qe4 Nh5 25. Qg4 Qxg4 26. hxg4 Nf6 27. Ne4
Nxe4 28. Rxe4 Kf8 29. g3 Re8 30. Nd2 Rxe4 31. Nxe4 Ke7 32. f4 Nf8 33. Kf2 Nd7
34. Kf3 a5 35. Nc3 Nb8 36. Nd1 {normal} 1/2-1/2

[Event "OLNW 1920 Delmenhorster SK - Hamelner S"]
[Site "?"]
[Date "2020.01.19"]
[Round "5.1"]
[White "Bode, Wilfried"]
[Black "Warakomski, Tomasz"]
[Result "1/2-1/2"]
[WhiteElo "2344"]
[BlackElo "2503"]
[PlyCount "102"]
[EventDate "2020.??.??"]
[EventType "team-tourn"]

1. e4 c5 2. Nf3 a6 3. c3 d5 4. exd5 Qxd5 5. d4 e6 6. Be3 cxd4 7. cxd4 Nf6 8.
Nc3 Qd6 9. Bd3 Nc6 10. a3 Be7 11. O-O O-O 12. Qe2 b6 13. Rad1 Bb7 14. Rfe1 Rfd8
15. Bg5 g6 16. Bb1 Na5 17. Ba2 Nd5 18. Ne4 Qd7 19. Bxd5 exd5 20. Nc5 bxc5 21.
Qxe7 c4 22. Qf6 Qc6 23. Qxc6 Bxc6 24. Bxd8 Rxd8 25. Re2 Rb8 26. h3 Bd7 27. g4
Kg7 28. Rdd2 Ba4 29. Re3 Nb3 30. Rd1 Nc5 31. Rb1 Nd3 32. b4 a5 33. Ne1 axb4 34.
axb4 Rxb4 35. Rxb4 Nxb4 36. Ra3 Bb3 37. Ra5 Nd3 38. Ra1 Nf4 39. Kh2 Ne2 40. Ra5
c3 41. Rc5 Kf6 42. Kg2 Ke7 43. f3 Bc4 44. Nc2 Nf4+ 45. Kg3 Ne6 46. Ra5 Bb3 47.
Nb4 Nxd4 48. Kf2 Ne6 49. Ke3 d4+ 50. Kd3 Nf4+ 51. Ke4 Nxh3 1/2-1/2

[Event "OLNW 1920 Delmenhorster SK - Hamelner S"]
[Site "?"]
[Date "2020.01.19"]
[Round "5.2"]
[White "Hoeffer, David"]
[Black "Tonndorf, Matthias"]
[Result "0-1"]
[WhiteElo "2342"]
[BlackElo "2188"]
[PlyCount "120"]
[EventDate "2020.??.??"]
[EventType "team-tourn"]

1. e4 c5 2. Nf3 e6 3. b3 d6 4. Bb2 Nf6 5. e5 dxe5 6. Nxe5 Be7 7. Bd3 Nbd7 8. f4
Qc7 9. a4 a6 10. O-O b6 11. Na3 Bb7 12. Qe2 O-O 13. Rae1 Bd8 14. Qe3 Re8 15.
Qh3 Nf8 16. Ng4 Nxg4 17. Qxg4 f5 18. Qe2 Bh4 19. Rb1 Ng6 20. g3 Bf6 21. h4 Qc6
22. Qh2 Rad8 23. Nc4 Ba8 24. h5 Nf8 25. Be2 Bxb2 26. Rxb2 b5 27. Bf3 Qd7 28.
axb5 axb5 29. Ne3 Qxd2 30. Qxd2 Rxd2 31. Ra2 Bxf3 32. Rxf3 Rb8 33. g4 fxg4 34.
Nxg4 c4 35. Rg3 Nd7 36. b4 h6 37. Ra7 Kh8 38. Re3 Rf8 39. Re4 Nf6 40. Nxf6 Rxf6
41. Rb7 Rd5 42. Re5 Rd4 43. Rb8+ Kh7 44. Rc5 Rdxf4 45. Rbxb5 Rf1+ 46. Kg2 R1f2+
47. Kg3 R2f3+ 48. Kg2 Rc3 49. Rb8 Rxc2+ 50. Kg3 Rf5 51. Rxf5 exf5 52. Rc8 c3
53. b5 Rb2 54. Rxc3 Rxb5 55. Rc8 Rb3+ 56. Kh4 Rb1 57. Kg3 Rh1 58. Kf4 Rxh5 59.
Rb8 Rg5 60. Rc8 Kg6 0-1

[Event "OLNW 1920 Delmenhorster SK - Hamelner S"]
[Site "?"]
[Date "2020.01.19"]
[Round "5.4"]
[White "Hedke, Fred"]
[Black "van Son, Lutz"]
[Result "1/2-1/2"]
[WhiteElo "2233"]
[BlackElo "2159"]
[PlyCount "60"]
[EventDate "2020.??.??"]
[EventType "team-tourn"]

1. e4 e6 2. c4 d5 3. cxd5 exd5 4. exd5 Nf6 5. Nc3 Nxd5 6. Nf3 Nxc3 7. bxc3 Be7
8. Be2 O-O 9. O-O c5 10. d4 cxd4 11. cxd4 Be6 12. Be3 Nc6 13. Qd2 Bd5 14. Rab1
Bf6 15. Rfd1 Qe7 16. Ne1 Rfd8 17. Bf3 Rd7 18. Qb2 Bxf3 19. Nxf3 Rad8 20. h3 Qe4
21. Qb5 b6 22. Re1 Qd5 23. Qa4 h6 24. Rb5 Qd6 25. d5 Ne5 26. Nxe5 Qxe5 27. Rd1
Rxd5 28. Rbxd5 Rxd5 29. Rxd5 Qxd5 30. Qxa7 b5 1/2-1/2

[Event "OLNW 1920 Delmenhorster SK - Hamelner S"]
[Site "?"]
[Date "2020.01.19"]
[Round "5.5"]
[White "Schmidt, Dennis"]
[Black "Pahl, Erik"]
[Result "1/2-1/2"]
[WhiteElo "2043"]
[BlackElo "2032"]
[PlyCount "88"]
[EventDate "2020.??.??"]
[EventType "team-tourn"]

1. e4 c5 2. Nf3 d6 3. Bb5+ Bd7 4. Bxd7+ Nxd7 5. O-O Ngf6 6. Re1 e6 7. c3 Be7 8.
d3 O-O 9. Nbd2 h6 10. Qe2 Rc8 11. Nf1 Nb8 12. Ng3 Nc6 13. h3 Qa5 14. a3 Qa6 15.
Bf4 Rfd8 16. Rad1 Rd7 17. Nh2 e5 18. Bc1 d5 19. Qf3 c4 20. exd5 Rxd5 21. dxc4
Qxc4 22. Rxd5 Qxd5 23. Nf5 Qxf3 24. Nxf3 Re8 25. Nxe7+ Rxe7 26. Be3 Nd7 27. b4
f5 28. c4 f4 29. Bc1 e4 30. Nd2 Nf6 31. Bb2 e3 32. fxe3 Rxe3 33. Kf2 Rxe1 34.
Kxe1 Kf7 35. Ke2 g5 36. Kf3 Ke6 37. Ne4 Nd7 38. Nd2 Nce5+ 39. Ke4 Nf6+ 40. Kd4
Nc6+ 41. Kd3 Ne5+ 42. Bxe5 Kxe5 43. Nf3+ Kf5 44. Nd4+ Ke5 1/2-1/2